| 000 | 00980nam a2200289 u 4500 | ||
|---|---|---|---|
| 001 | 000020327 | ||
| 003 | DO-SdBNP | ||
| 005 | 20221005125630.0 | ||
| 007 | ta | ||
| 008 | 100813s2015 dr a 000 0 spa d | ||
| 020 | _a9789945082982 | ||
| 040 |
_aDO-SdBNP _bspa _cBNPHU |
||
| 082 | 4 |
_a618.175 _bC255m _222 |
|
| 100 | 1 |
_aCaputo Antonio, Ángel _942973 |
|
| 245 | 1 | 0 |
_aMujer menopáusica : _bun ginecólogo responde a tus preocupaciones / _cÁngel Caputo Antonio ; prólogo Rocío Caridad. |
| 260 |
_aSanto Domingo : _b[s.n.], _c2015. |
||
| 300 |
_a398 p. : _bil. ; _c23 cm. |
||
| 500 | _aIncluye índice temático | ||
| 500 | _aIncluye bibliografía al final de los capítulos | ||
| 500 | _aIncluye datos biográficos del autor en la contra cubierta | ||
| 590 | _aInventariado, 2022/MFF | ||
| 650 | 4 |
_aMenopausia _920479 |
|
| 650 | 4 |
_aClimaterio _920480 |
|
| 700 | 1 |
_aCaridad, Rocío, _epról. _942974 |
|
| 910 | _aValidado. Control de calidad MFF | ||
| 942 |
_2ddc _cLBS1 |
||
| 999 |
_c19831 _d19831 |
||